000
00304nam a2200121Ia 4500
008
241015s9999 xx 000 0 und d
041
_a
eng
082
_a
332.6327 WIL
100
_a
Wild
245
_a
Exchange Traded Funds For Dummies
260
_b
Wiley India
_a
New Delhi
_c
2022
300
_a
430;. P. 23 cm
999
_c
41856
_d
41856